| 000 | 00843 a2200205 4500 | ||
|---|---|---|---|
| 020 | _a3540407006 | ||
| 040 |
_aDLC _bDLC |
||
| 082 | 0 | 0 | _a006.1 |
| 100 | 1 | _aD'Inverno, Mark. | |
| 245 | 1 | 0 |
_aUnderstanding agent systems _cMark d'Inverno, Michael Luck. |
| 260 |
_aBerlin ; _aNew York : _bSpringer-Verlag, _c2004. |
||
| 300 |
_axviii, 240 p. : _bill. ; _c24 cm. |
||
| 440 | 0 | _aSpringer series on agent technology | |
| 650 | 0 | _aIntelligent agents (Computer software) | |
| 700 | 1 | _aLuck, Michael | |
| 856 | 4 | 2 |
_3Contributor biographical information _uhttp://www.loc.gov/catdir/enhancements/fy0818/2003065664-b.html |
| 856 | 4 | 2 |
_3Publisher description _uhttp://www.loc.gov/catdir/enhancements/fy0818/2003065664-d.html |
| 856 | 4 | 2 |
_3Table of contents only _uhttp://www.loc.gov/catdir/enhancements/fy0818/2003065664-t.html |
| 942 |
_cBK _k006.1 DIN _2ddc |
||
| 999 |
_c6756 _d6756 |
||